Seven Miles Down (Record no. 1235510)

MARC details
000 -LEADER
fixed length control field 00462nam a2200193Ia 4500
008 - FIXED-LENGTH DATA ELEMENTS--GENERAL INFORMATION
fixed length control field 151121s9999||||xx |||||||||||||| ||und||
082 ## - DEWEY DECIMAL CLASSIFICATION NUMBER
Classification number 623ред8/Pic
082 ## - DEWEY DECIMAL CLASSIFICATION NUMBER
Item number HNW-51030
100 ## - MAIN ENTRY--PERSONAL NAME
Personal name Piccard & Dietz
245 ## - TITLE STATEMENT
Title Seven Miles Down
260 ## - PUBLICATION, DISTRIBUTION, ETC. (IMPRINT)
Name of publisher, distributor, etc The Scientific Book Club
260 ## - PUBLICATION, DISTRIBUTION, ETC. (IMPRINT)
Date of publication, distribution, etc --
300 ## - PHYSICAL DESCRIPTION
Extent 249
600 ## - SUBJECT ADDED ENTRY--PERSONAL NAME
Personal name Piccard & Dietz
630 ## - SUBJECT ADDED ENTRY--UNIFORM TITLE
Uniform title Seven Miles Down
700 ## - ADDED ENTRY--PERSONAL NAME
Personal name Piccard & Dietz
730 ## - ADDED ENTRY--UNIFORM TITLE
Uniform title Seven Miles Down
942 ## - ADDED ENTRY ELEMENTS (KOHA)
Koha item type Book
Holdings
Withdrawn status Lost status Damaged status Not for loan Home library Current library Date acquired Cost, normal purchase price Total Checkouts Full call number Barcode Date last seen Cost, replacement price Price effective from Koha item type
        Hirachand Nemchand Wachanalaya, Solapur Hirachand Nemchand Wachanalaya, Solapur 11/21/2015 25.00   HNW-51030 HNW-51030 11/21/2015 25.00 11/21/2015 Book